01637cam a2200277 i 450000100090000000300050000900500170001400800410003101000170007202000240008902000340011304000230014704200080017005000230017808200100020113000500021124500330026125008060029426000470110030000600114750000400120750000510124765000150129870000230131370000230133618218492PILC20150909132651.0140709s2014 stka b 001 0 eng  a 2013372202 a9780702051456 (pbk) a9780702051463 (international) aDLCbengerdacDLC apcc00aRG 524b.M985 200300a618.20 aTextbook for midwives (Churchill Livingstone)10aMyles textbook for midwives. a14th edition /bedited by Jayne E. Marshall, PhD, MA, PGCEA, ADM, RM, RGN, Head of School of Midwifery and Child Health, Faculty of Health, Social Care and Education, St. Georges, University of London/Kingston University, UK, Former Associate Professor in Midwifery, Director for Postgraduate Taught Studies in Midwifery, University of Nottingham, Academic Division of Midwifery, School of Health Sciences, Faculty of Medicine and Health Sciences, Postgraduate Education Centre, Nottingham, UK, Maureen D. Raynor, MA, PGCEA, ADM, RMN, RN, RM, Lecturer and Supervisor of Midwives, University of Nottingham, Academic Division of Midwifery, School of Health Sciences, Faculty of Medicine and Health Sciences, Postgraduate Education Centre, Nottingham, UK ; foreword by Emeritus Professor Diane M. Fraser. aEdinburgh :bChurchill Livingstone,c2003. axvii, 780 pages :billustrations (some color) ;c26 cm. aRevision of: Textbook for midwives. aIncludes bibliographical references and index. 0aMidwifery.1 aMarshall, Jayne E.1 aRaynor, Maureen D.